00574nam a2200193 4500003001100000005001700011008004100028020001500069040003900084041000800123082001300131100001800144245005300162260003600215650002000251942000700271952008700278999001500365LK-CoMWRAF20230908100707.0230908b1985 |||||||| |||| 00| 0 eng d a0345414055 aLK-CoMWRAFdLK-CoMWRAFeLK-CoMWRAF aeng a823bEME aEmerson, Earl aThe Rainy city :bThe first thomas black mystery aU. S. A. :bEarl Emerson,c1985 aEnglish Fiction cBK 00104070aMAINbMAINd2023-09-08l0o823 EMEpRAF928r2023-09-08w2023-09-08yBK c3476d3476